Construction industry forecasts (Record no. 82282)

MARC details
000 -LEADER
fixed length control field 00965cab a22002055 4500
001 - CONTROL NUMBER
control field E149813
008 - FIXED-LENGTH DATA ELEMENTS--GENERAL INFORMATION
fixed length control field 100430e20100426xxk f 000 0 eng u
035 ## - SYSTEM CONTROL NUMBER
System control number (Sirsi) u149813
041 0# - LANGUAGE CODE
Language code of text/sound track or separate title eng
110 2# - MAIN ENTRY--CORPORATE NAME
Corporate name or jurisdiction name as entry element Constructing Excellence in the Built Environment
9 (RLIN) 4925
245 00 - TITLE STATEMENT
Title Construction industry forecasts
Remainder of title spring 2010
Medium [electronic resource]
260 ## - PUBLICATION, DISTRIBUTION, ETC.
Date of publication, distribution, etc. 2010
490 #0 - SERIES STATEMENT
Series statement Constructing Excellence in the Built Environment News
Volume/sequential designation 26 April 2010
520 ## - SUMMARY, ETC.
Summary, etc. Predicts that construction output will drop by 3% in 2010, but grow by 1.2% in 2011. Suggests there will be double-digit growth in private housing starts between 2010 and 2012. ,
590 ## - LOCAL NOTE (RLIN)
Local note KA
651 #4 - SUBJECT ADDED ENTRY--GEOGRAPHIC NAME
Geographic name United Kingdom
Chronological subdivision
690 ## - LOCAL SUBJECT ADDED ENTRY--TOPICAL TERM (OCLC, RLIN)
Topical term or geographic name as entry element Construction management
9 (RLIN) 6230
856 40 - ELECTRONIC LOCATION AND ACCESS
Uniform Resource Identifier <a href="https://www.constructingexcellence.org.uk/news/Construction%20Industry%20Forecasts%20Synopsis%20(Spring%202010).pdf">https://www.constructingexcellence.org.uk/news/Construction%20Industry%20Forecasts%20Synopsis%20(Spring%202010).pdf</a>
Public note View the item free of charge (pdf file) at www.constructingexcellence.org.uk...
942 ## - ADDED ENTRY ELEMENTS (KOHA)
Suppress in OPAC 0
Holdings
Withdrawn status Lost status Source of classification or shelving scheme Damaged status Not for loan Home library Current library Shelving location Date acquired Total Checkouts Full call number Barcode Date last seen Copy number Price effective from Koha item type
    Dewey Decimal Classification     Virtual Virtual Online 30/04/2010   ONLINE PUBLICATION 149813-2001 06/08/2019 1 06/08/2019 Journal article